Strašidlo nacionalizmu alebo v zrkadle zahraničných médií

Bibliographic Details
Main Author: Čechvala, Milan, 1940-2019 (Author)
Format: Article
Language:Slovak
PhysicalDescription:Fotogr. 1, obr. 1
ISSN:0862-5999
Subjects:

MARC

LEADER 00000nab a2200000 a 4500
001 vtls000543788
003 SK-MaSNL
005 20260426080321.0
008 250425c1995 xo 0 slo
015 |a SNBRB19rr/mm-uuuuu 
035 |a CL0543926 
035 |a urn:nbn:sk:snk-abal69 
035 |a (urnnbn)urn:nbn:sk:snk:ar-00841a 
035 |a (uuid)d9e1833a-5b33-4f4b-acfa-4d206ac48920 
040 |a SNKBUCL  |b slo  |c SNKBUCL  |e AACR2 
041 0 |a slo 
044 |a xo  |c SK 
080 |a 323(437.6):07(100)  |2 1981 
080 |a 07(100)  |2 1981 
100 1 |a Čechvala, Milan,  |d 1940-2019  |4 aut  |9 246868 
245 1 0 |a Strašidlo nacionalizmu alebo v zrkadle zahraničných médií  |c Milan Čechvala 
300 |b Fotogr. 1, obr. 1 
650 0 7 |a vnútorná politika  |2 snkbucl  |9 970 
651 7 |a Slovensko  |2 snkbucl  |9 14231 
655 7 |a články z novín a časopisov  |2 snkbucl  |9 267496 
773 0 |t Literárny týždenník  |g Roč. 8, č. 9 (1995), s. 12-13  |x 0862-5999 
850 |a Slovenská národná knižnica 
852 |a Slovenská národná knižnica 
954 |a odborná, vedecká literatúra pôvodná (slovenská)  |2 lita 
958 |a article14 
958 |a RK 
958 |a SK 
958 |a OND 
958 |a EUIPO 
999 |c 2804313  |d 2806243